[Event "Mechanics' Spring TNM; 30/90, SD/30"]
[Site "San Francisco"]
[Date "2011.03.23"]
[Round "2.15"]
[White "Mar, Henry"]
[Black "Harris, John"]
[Result "0-1"]
[WhiteElo "1536"]
[BlackElo "1722"]
[PlyCount "87"]
[EventDate "2011.??.??"]

1. e4 e5 2. d3 d5 3. Nd2 Nf6 4. g3 Bc5 5. Bg2 Ng4 6. Nh3 Bxf2+ 7. Nxf2 Ne3 8.
Qh5 Nxc2+ 9. Kd1 Nxa1 10. Qxe5+ Kf8 11. exd5 Nd7 12. Qd4 Qf6 13. Qe3 Qb6 14. d4
Nf6 15. Re1 Bd7 16. Nc4 Qb4 17. Qa3 Qxa3 18. Nxa3 Ba4+ 19. Kd2 Rd8 20. Kc3
Nxd5+ 21. Bxd5 Rxd5 22. Bf4 Nc2 23. Nxc2 Bxc2 24. Kxc2 Rxd4 25. Kc3 Rd8 26. Kb3
c6 27. Bc7 Rc8 28. Bd6+ Kg8 29. Re7 h5 30. Ne4 Rh6 31. Rxb7 Re6 32. Re7 Rxe7
33. Bxe7 Re8 34. Bc5 Rxe4 35. Bxa7 Kf8 36. a4 Ke8 37. a5 Kd7 38. Bb6 h4 39. a6
Kc8 40. Kc3 hxg3 41. hxg3 Ra4 42. a7 Kb7 43. Bd4 g6 44. Kb3 0-1

[Event "Mechanics' Spring TNM; 30/90, SD/30"]
[Site "San Francisco"]
[Date "2011.04.05"]
[Round "4.17"]
[White "Mar, Henry"]
[Black "Standen, Julian"]
[Result "0-1"]
[WhiteElo "1536"]
[BlackElo "1758"]
[PlyCount "86"]
[EventDate "2011.??.??"]

1. e4 c6 2. d4 d5 3. Nd2 dxe4 4. Nxe4 Nd7 5. Nf3 Ngf6 6. Ng3 e6 7. Bd3 c5 8.
O-O Be7 9. Re1 O-O 10. Qe2 Re8 11. Bb5 a6 12. Bc4 Nf8 13. c3 b5 14. Bb3 c4 15.
Bc2 Bb7 16. b4 a5 17. Bd2 axb4 18. cxb4 Qb6 19. Bc3 Nd5 20. Qd2 Nd7 21. a4 bxa4
22. Bxa4 Bc6 23. Bxc6 Qxc6 24. Ra5 Reb8 25. Rxa8 Rxa8 26. Ne5 Nxe5 27. dxe5 Rb8
28. Rb1 h6 29. h3 Qa4 30. Ra1 Qb3 31. Ne2 Bxb4 32. Bxb4 Rxb4 33. Rc1 Qa3 34.
Qd1 c3 35. Ra1 Qb2 36. Rc1 Re4 37. Rc2 Qb4 38. Qd3 Rxe5 39. Nxc3 Nxc3 40. Rxc3
g6 41. Rc8+ Kg7 42. Qd1 Re1+ 43. Kh2 Qf4+ 0-1

[Event "Mechanics' Spring TNM; 30/90, SD/30"]
[Site "San Francisco"]
[Date "2011.04.12"]
[Round "5.5"]
[White "Margulis, Igor"]
[Black "Abraham, Renjish"]
[Result "0-1"]
[WhiteElo "2100"]
[BlackElo "1807"]
[Annotator "Donaldson"]
[PlyCount "78"]
[EventDate "2011.??.??"]

1. e4 c5 2. Nc3 d6 3. f4 g6 4. Nf3 Bg7 5. Bc4 Nc6 6. O-O Be6 7. Bxe6 fxe6 8. d3
Qd7 9. Ne2 Nf6 10. c3 Rf8 11. Qe1 O-O-O 12. Qh4 Rh8 13. Ng5 Rdf8 14. Qh3 Nd8
15. Bd2 Kb8 16. Rae1 h6 17. Nf3 Qe8 18. c4 Rfg8 19. Bc3 g5 20. fxg5 hxg5 21.
Qg3 g4 22. Ng5 Qh5 23. h4 $2 {This is an awful move that brings Black's rooks
into play and exposes White's king.} (23. e5 $1 $11) 23... gxh3 24. Nxh3 e5 $6
(24... Bf8 $1 {wins material due to the threat to capture on h3, but Black is
still better after the text.}) 25. Rf5 Qe8 26. Ref1 (26. Rg5 Ne6 27. Rg6 Bh6
28. Rxg8 Rxg8 29. Qf3 Qg6 {
leaves Black with a clear advantage but with White still resisting.}) 26... Bh6
$1 {This is a killer.} 27. Qf3 Ne6 (27... Ng4 $1 {with multiple threat
including ...Be3+ and ...e6 followed by ...Qh5 to name two.}) 28. Be1 Ng4 29.
Bf2 Qg6 30. b4 Ne3 31. bxc5 (31. Bxe3 Bxe3+ 32. Kh1 Ng5 $1) 31... Nxf1 32. Kxf1
Ng5 33. cxd6 $2 (33. Nxg5 Bxg5 34. cxd6 Qxd6 {
is much better for Black but the text loses on the spot.}) 33... Nxf3 34. Bg3
Nd2+ 35. Ke1 exd6 36. c5 Rf8 37. cxd6 Rxf5 38. exf5 Qxf5 39. Nf2 Rc8 0-1

[Event "Mechanics' Spring TNM; 30/90, SD/30"]
[Site "San Francisco"]
[Date "2011.04.05"]
[Round "4.1"]
[White "Margulis, Igor"]
[Black "Byambaa, Uyanga"]
[Result "0-1"]
[WhiteElo "2100"]
[BlackElo "1985"]
[PlyCount "58"]
[EventDate "2011.??.??"]

1. e4 c5 2. Nc3 g6 3. g3 Bg7 4. Bg2 Nc6 5. Nge2 d6 6. O-O h5 7. d3 h4 8. Bg5
hxg3 9. hxg3 Nf6 10. Qd2 Bg4 11. f3 Bh3 12. Bxh3 Rxh3 13. Kg2 Qd7 14. Rh1 Rxh1
15. Rxh1 O-O-O 16. Nf4 Ne5 17. Bxf6 Bxf6 18. Ncd5 Bg5 19. c3 Nc6 20. Qf2 e6 21.
Ne3 Rg8 22. Rh7 Bxf4 23. gxf4 g5 24. Qg3 Qd8 25. f5 Ne5 26. d4 cxd4 27. cxd4
Nd3 28. fxe6 Nf4+ 29. Kh2 Rh8 0-1

[Event "Mechanics' Spring TNM; 30/90, SD/30"]
[Site "San Francisco"]
[Date "2011.03.23"]
[Round "2.4"]
[White "Margulis, Igor"]
[Black "Curto, Wayne"]
[Result "1-0"]
[WhiteElo "2100"]
[BlackElo "1900"]
[PlyCount "105"]
[EventDate "2011.??.??"]

1. e4 e5 2. Bc4 Nf6 3. d3 d5 4. exd5 Nxd5 5. Nf3 Nc6 6. O-O Be7 7. Re1 Bg4 8.
h3 Bxf3 9. Qxf3 Nf6 10. Bb5 Qd6 11. Na3 Nd7 12. Be3 Qf6 13. Bxc6 Qxc6 14. Qxc6
bxc6 15. Nc4 f6 16. f4 Kf7 17. fxe5 Nxe5 18. Nxe5+ fxe5 19. Re2 Bf6 20. Rf1
Rhe8 21. Bc5 a6 22. Re4 Ke6 23. Ra4 Kd5 24. Ra5 Ke6 25. Re1 Kd7 26. Re4 Rab8
27. b4 Ra8 28. Bf2 Reb8 29. a4 Be7 30. c3 Bd6 31. Kf1 Rf8 32. Ke2 Kc8 33. Bg3
Rf7 34. Bxe5 Rf5 35. Bxd6 Rxa5 36. bxa5 cxd6 37. Re8+ Kb7 38. Re7+ Kc8 39. Rxg7
Rb8 40. Rg8+ Kc7 41. Rxb8 Kxb8 42. Kf3 Kc7 43. Kf4 Kd7 44. Kg5 Ke6 45. Kh6 Kd5
46. Kxh7 c5 47. g4 c4 48. dxc4+ Kxc4 49. g5 Kxc3 50. g6 d5 51. g7 d4 52. g8=Q
d3 53. Qc8+ 1-0

[Event "Mechanics' Spring TNM; 30/90, SD/30"]
[Site "San Francisco"]
[Date "2011.05.03"]
[Round "8.6"]
[White "Margulis, Igor"]
[Black "Hua, Arnold"]
[Result "0-1"]
[WhiteElo "2100"]
[BlackElo "1845"]
[PlyCount "84"]
[EventDate "2011.??.??"]

1. e4 e5 2. Bc4 Nf6 3. d4 exd4 4. Nf3 Nc6 5. e5 d5 6. Bb5 Ne4 7. O-O Bg4 8. h3
Bxf3 9. Qxf3 Bc5 10. Nd2 Nxd2 11. Bxd2 O-O 12. Qg3 Ne7 13. Bd3 Ng6 14. f4 f5
15. Rae1 Bb6 16. Qf3 c5 17. b3 Rc8 18. g4 Nh4 19. Qg3 c4 20. e6 Qe7 21. Bxf5
Nxf5 22. gxf5 c3 23. Bc1 d3+ 24. Be3 d4 25. Bf2 Rxf5 26. cxd3 Qf6 27. Re4 Re8
28. Rfe1 Kh8 29. Qg4 g5 30. Bg3 gxf4 31. Bxf4 Rg8 32. Be5 Rxe5 33. Rxe5 Bd8 34.
e7 Bxe7 35. Rxe7 Rxg4+ 36. hxg4 Qf3 37. Re8+ Kg7 38. R8e7+ Kh6 39. R1e6+ Kg5
40. Re5+ Kh4 41. Re2 Kg3 42. R7e4 c2 0-1

[Event "Mechanics' Spring TNM; 30/90, SD/30"]
[Site "San Francisco"]
[Date "2011.05.03"]
[Round "8.18"]
[White "Milliken, William"]
[Black "Allen, Tom"]
[Result "0-1"]
[WhiteElo "1679"]
[BlackElo "1455"]
[PlyCount "60"]
[EventDate "2011.??.??"]

1. e4 e5 2. Nf3 Nc6 3. Bc4 Nf6 4. Ng5 d5 5. exd5 Na5 6. Bb5+ c6 7. dxc6 bxc6 8.
Qf3 Bb7 9. Bd3 h6 10. Ne4 Be7 11. Nbc3 c5 12. Bb5+ Kf8 13. d3 Qc7 14. Be3 c4
15. O-O Rd8 16. Bxa7 $4 Bxe4 17. Qe3 Nd5 18. Nxd5 Bxd5 19. Bb6 Qb8 20. Bxa5
Qxb5 21. Bxd8 Bxd8 22. Qxe5 Qc6 23. g3 f6 24. Qb8 Kf7 25. dxc4 Bh1 26. Qa7+ Be7
27. f3 Bxf3 28. Rae1 Re8 29. Rxf3 Qxf3 30. Qe3 Bc5 0-1

[Event "Mechanics' Spring TNM; 30/90, SD/30"]
[Site "San Francisco"]
[Date "2011.03.29"]
[Round "3.22"]
[White "Milliken, William"]
[Black "Olson, David"]
[Result "1-0"]
[WhiteElo "1679"]
[BlackElo "1446"]
[PlyCount "51"]
[EventDate "2011.??.??"]

1. e4 e5 2. Nf3 Nc6 3. d4 exd4 4. c3 Nf6 5. e5 Nd5 6. Qb3 Nb6 7. cxd4 Bb4+ 8.
Nc3 O-O 9. Bd3 d6 10. Bg5 Qe8 11. O-O Be6 12. Qc2 h6 13. Bh4 Bxc3 14. Qxc3 Nd5
15. Qd2 f5 16. exf6 Nxf6 17. Rfe1 Qf7 18. a3 Bd5 19. Be2 Qh5 20. Bg3 Ne4 21.
Qd3 Qf7 22. Rac1 a5 23. Red1 Rac8 24. Qb5 Qe6 25. Kf1 Qf6 $4 26. Qxd5+ 1-0

[Event "Mechanics' Spring TNM; 30/90, SD/30"]
[Site "San Francisco"]
[Date "2011.03.15"]
[Round "1.4"]
[White "Milliken, William"]
[Black "Shakhnazarov, Oleg"]
[Result "0-1"]
[WhiteElo "1679"]
[BlackElo "2160"]
[PlyCount "46"]
[EventDate "2011.??.??"]

1. e4 c5 2. Nf3 Nc6 3. d4 cxd4 4. c3 dxc3 5. Nxc3 e6 6. Bc4 d6 7. O-O Be7 8.
Qe2 g5 9. Rd1 g4 10. Ne1 h5 11. Bf4 e5 12. Be3 Nf6 13. f4 gxf3 14. Nxf3 Ng4 15.
Bc5 Qa5 16. b4 Nxb4 17. Bxb4 Qxb4 18. Bb5+ Kf8 19. Nd5 Qc5+ 20. Kf1 a6 21. Rac1
Qxb5 22. Qxb5 axb5 23. Rc7 Bd8 0-1

[Event "Mechanics' Spring TNM; 30/90, SD/30"]
[Site "San Francisco"]
[Date "2011.03.15"]
[Round "1.8"]
[White "Montoya, Daniel"]
[Black "Belanoff, Ted"]
[Result "0-1"]
[WhiteElo "1613"]
[BlackElo "2011"]
[Annotator "Donaldson"]
[PlyCount "47"]
[EventDate "2011.??.??"]

1. e4 e5 2. Nf3 Nc6 3. d4 exd4 4. Nxd4 Nf6 5. Nxc6 bxc6 6. Bd3 Qe7 7. O-O d5 8.
e5 (8. exd5 $1 cxd5 9. Re1 Be6 10. Bb5+ $1 Nd7 11. Nc3 Qd6 12. Nxd5 c6 13. c4
cxb5 14. Bf4 Qc6 15. cxb5 Qb7 16. Nc7+ Kd8 17. Qd4) 8... Nd7 (8... Qxe5 $5 9.
Re1 Ne4 10. f3 Bc5+ (10... Bd6 11. g3 f5 12. fxe4 fxe4 13. Nd2 O-O) 11. Be3 Bd6
) 9. Re1 Nc5 10. Nc3 Nxd3 11. Qxd3 g6 12. Be3 (12. Qg3 Bg7 13. Bg5 Qb4) 12...
Bg7 13. Nxd5 $5 (13. Na4 O-O (13... Qb4 14. b3 Qb5 15. Nc5 $14 O-O 16. Bd4 Bf5
17. Qd2) 14. Bc5) 13... cxd5 14. Qxd5 Rb8 15. Bc5 $6 (15. Rad1 O-O (15... Bb7
16. Qb5+ c6 17. Qa5) 16. Bc5 Qe6 17. Bxf8 Bxf8 18. Qxe6 Bxe6 19. b3) (15. Bxa7
Rxb2) 15... Bb7 16. Qc4 Qe6 17. Qxe6+ $2 fxe6 18. Bxa7 Rd8 19. Be3 Rd5 20. f4
O-O 21. h4 Rfd8 22. a4 Bf8 23. b4 Bxb4 24. Reb1 0-1

[Event "Mechanics' Spring TNM; 30/90, SD/30"]
[Site "San Francisco"]
[Date "2011.03.29"]
[Round "3.13"]
[White "Montoya, Daniel"]
[Black "Eytan, David"]
[Result "0-1"]
[WhiteElo "1613"]
[BlackElo "1900"]
[PlyCount "70"]
[EventDate "2011.??.??"]

1. e4 c5 2. d4 cxd4 3. c3 dxc3 4. Nxc3 Nc6 5. Nf3 d6 6. Bc4 Nf6 7. e5 Ng4 8.
exd6 Qxd6 9. Qxd6 exd6 10. Nb5 Nb4 11. Bb3 Kd8 12. O-O Bd7 13. Nfd4 a6 14. Nc3
Be7 15. h3 Ne5 16. Be3 g5 17. Nde2 Rg8 18. Bb6+ Ke8 19. a3 Nbd3 20. Nd5 Bd8 21.
Nc7+ Bxc7 22. Bxc7 g4 23. hxg4 Bxg4 24. Ng3 Kd7 25. Bb6 Rg6 26. f4 Nf3+ 27.
gxf3 Bh3 28. Bxf7 Rxg3+ 29. Kh2 Rg2+ 30. Kxh3 Nxf4+ 31. Kh4 Rf8 32. Bb3 Rf6 33.
Ba4+ Ke7 34. Rae1+ Kf8 35. Re8+ Kf7 0-1

[Event "Mechanics' Spring TNM; 30/90, SD/30"]
[Site "San Francisco"]
[Date "2011.05.03"]
[Round "8.12"]
[White "Montoya, Daniel"]
[Black "Ramachandran, Jayakrishnan"]
[Result "0-1"]
[WhiteElo "1613"]
[BlackElo "1852"]
[PlyCount "56"]
[EventDate "2011.??.??"]

1. e4 e5 2. Nf3 Nc6 3. d4 exd4 4. Nxd4 Bc5 5. Nxc6 Qf6 6. Qd2 dxc6 7. Nc3 Ne7
8. Bd3 Be6 9. Na4 Bd6 10. Qe3 Ng6 11. O-O b6 12. c4 Bf4 13. Qe2 Rd8 14. g3 Bxc1
15. Raxc1 Ne5 16. Bb1 Bg4 17. Qe3 Bf3 18. Rfe1 g5 19. Qc3 h5 20. Bc2 h4 21. Re3
g4 22. Bd3 hxg3 23. fxg3 Qg5 24. Bf1 f6 25. Qe1 Rxh2 26. Kxh2 Qh5+ 27. Kg1 Qh1+
28. Kf2 Qh2+ 0-1

[Event "Mechanics' Spring TNM; 30/90, SD/30"]
[Site "San Francisco"]
[Date "2011.04.12"]
[Round "5.15"]
[White "Montoya, Daniel"]
[Black "Sherwood, Peter"]
[Result "1-0"]
[WhiteElo "1613"]
[BlackElo "1807"]
[PlyCount "73"]
[EventDate "2011.??.??"]

1. e4 c5 2. d4 cxd4 3. c3 dxc3 4. Nxc3 a6 5. Bc4 e6 6. Nf3 b5 7. Bb3 Bb7 8. Qe2
d6 9. O-O Nf6 10. e5 dxe5 11. Nxe5 Qc7 12. Bf4 Qe7 13. Rfd1 Nbd7 14. Nxf7 Qxf7
15. Bxe6 Qe7 16. Bd6 Qd8 17. Bxd7+ Kf7 18. Be6+ Kg6 19. Qd3+ Kh6 20. Qh3+ Nh5
21. Bf4+ g5 22. Rxd8 Rxd8 23. Be5 Bg7 24. Bf7 Bxe5 25. Qxh5+ Kg7 26. Qxg5+ Kxf7
27. Qxe5 Rde8 28. Qf5+ Kg8 29. Rd1 Bc8 30. Qg5+ Kf7 31. h3 Rhg8 32. Qf4+ Kg7
33. Ne4 Rgf8 34. Qc7+ Rf7 35. Qg3+ Kh8 36. Nd6 Rg7 37. Qxg7+ 1-0

[Event "Mechanics' Spring TNM; 30/90, SD/30"]
[Site "San Francisco"]
[Date "2011.03.15"]
[Round "1.10"]
[White "Morgan, Jerry"]
[Black "Byambaa, Uyanga"]
[Result "0-1"]
[WhiteElo "1538"]
[BlackElo "1985"]
[PlyCount "84"]
[EventDate "2011.??.??"]

1. f4 d5 2. Nf3 c5 3. e3 Nf6 4. Be2 Nc6 5. O-O Bg4 6. d4 e6 7. Nbd2 cxd4 8.
exd4 Bd6 9. Nb3 O-O 10. Ne5 Bxe2 11. Qxe2 Rc8 12. c3 a5 13. Be3 a4 14. Nd2 Na5
15. Bf2 a3 16. Ndf3 axb2 17. Qxb2 Ne4 18. Be1 f6 19. Nd3 Nc4 20. Qc1 Ba3 21.
Qb1 Ne3 22. Nf2 Nxf1 23. Nxe4 dxe4 24. Qxe4 Qd5 25. Qe2 Nxh2 26. Nxh2 Bd6 27.
Bd2 e5 28. Qh5 Qf7 29. Qf3 exd4 30. cxd4 Rc2 31. Qd3 Rfc8 32. a4 Qg6 33. f5
Bxh2+ 34. Kxh2 Qg4 35. d5 R8c3 36. Qb5 Qh5+ 37. Kg1 Rxd2 38. Qa5 Rxg2+ 39. Kxg2
Rc2+ 40. Kg3 Qh2+ 41. Kf3 Qh3+ 42. Ke4 Rc4# 0-1

[Event "Mechanics' Spring TNM; 30/90, SD/30"]
[Site "San Francisco"]
[Date "2011.03.29"]
[Round "3.24"]
[White "Morgan, Jerry"]
[Black "Cheng, Andrew"]
[Result "1/2-1/2"]
[WhiteElo "1538"]
[BlackElo "1417"]
[PlyCount "47"]
[EventDate "2011.??.??"]

1. f4 Nf6 2. Nf3 Nc6 3. e3 g6 4. b3 Bg7 5. Bb2 O-O 6. Be2 d6 7. O-O Re8 8. Na3
e5 9. fxe5 dxe5 10. Nc4 e4 11. Nd4 Nxd4 12. Bxd4 Bf5 13. Qe1 Qd7 14. Qh4 Re6
15. Rf2 (15. g4 $5) 15... Qd5 16. Raf1 b5 17. Na3 c5 18. Bb2 a6 19. Bd1 c4 20.
c3 Rc8 21. b4 Qd6 22. Qf4 Rd8 23. Qxd6 Rexd6 24. Bc1 1/2-1/2

[Event "Mechanics' Spring TNM; 30/90, SD/30"]
[Site "San Francisco"]
[Date "2011.05.03"]
[Round "8.19"]
[White "Morgan, Jerry"]
[Black "Olson, David"]
[Result "0-1"]
[WhiteElo "1538"]
[BlackElo "1446"]
[PlyCount "38"]
[EventDate "2011.??.??"]

1. f4 Nf6 2. Nf3 Nc6 3. e3 d5 4. Bb5 Bg4 5. h3 a6 $4 6. Bxc6+ bxc6 7. hxg4 Nxg4
8. Nd4 Nf6 9. Nxc6 Qd6 10. Ne5 Ne4 11. Qf3 g5 12. Nxf7 $2 Kxf7 13. fxg5+ Ke8
14. Rh5 Bg7 15. d3 Rf8 16. Qh3 $2 Ng3 17. Rxh7 $2 Rf1+ 18. Kd2 Rh1 19. Rxg7
Rxh3 0-1

[Event "Mechanics' Spring TNM; 30/90, SD/30"]
[Site "?"]
[Date "2011.04.07"]
[Round "4.25"]
[White "Morrison, Kyle"]
[Black "Buscara, Sevan"]
[Result "1-0"]
[WhiteElo "2249"]
[BlackElo "2516"]
[PlyCount "89"]
[EventDate "2011.04.06"]

1. d4 d5 2. c4 c6 3. Nc3 Nf6 4. e3 a6 5. Nf3 b5 6. c5 g6 7. Ne5 Bg7 8. Be2 Nfd7
9. f4 O-O 10. Nd3 a5 11. Bf3 b4 12. Na4 f6 13. Bg4 e5 14. f5 exd4 15. exd4 Re8+
16. Kf2 Ra7 17. Bf4 Ba6 18. Re1 Nf8 19. Bd6 Bb5 20. Qc2 h5 21. Bf3 Na6 22. Nf4
Rxe1 23. Rxe1 b3 24. Qxb3 Nb4 25. a3 g5 26. axb4 gxf4 27. Nb6 Nd7 28. Nxd5 cxd5
29. Bxd5+ Kh8 30. Qh3 Nf8 31. Qxh5+ Nh7 32. Bc4 Bd7 33. Re7 Rb7 34. Qg6 Qxe7
35. Bxe7 Rxb4 36. Qf7 Rxb2+ 37. Ke1 Rb8 38. Bd6 Re8+ 39. Kf2 Ba4 40. h4 Bh6 41.
Be6 f3 42. gxf3 Bb5 43. d5 a4 44. c6 Ra8 45. c7 1-0

[Event "Mechanics' Spring TNM; 30/90, SD/30"]
[Site "San Francisco"]
[Date "2011.04.19"]
[Round "6.1"]
[White "Morrison, Kyle"]
[Black "Byambaa, Uyanga"]
[Result "1-0"]
[WhiteElo "2249"]
[BlackElo "1985"]
[PlyCount "87"]
[EventDate "2011.??.??"]

1. d4 f5 2. Bg5 Nf6 3. Bxf6 exf6 4. g3 d5 5. e3 Bd6 6. Bg2 c6 7. Ne2 Be6 8. Qd3
Na6 9. c3 Qd7 10. Nd2 g5 11. O-O-O O-O-O 12. Kb1 f4 13. e4 Rhe8 14. gxf4 gxf4
15. Ka1 Kb8 16. Rhe1 Bc7 17. exd5 cxd5 18. Nc1 Rg8 19. Qf1 Bf5 20. Ndb3 Bg4 21.
f3 Bf5 22. Qf2 Bd6 23. Bf1 Nc7 24. Qh4 Nb5 25. Qxf6 Rgf8 26. Qh6 Qc6 27. Bxb5
Qxb5 28. Nc5 Bxc5 29. dxc5 Bg6 30. Rxd5 Qc4 31. Rxd8+ Rxd8 32. Nb3 Ka8 33. Qg5
Rc8 34. Qe5 a5 35. c6 Qxc6 36. Qxa5+ Kb8 37. Qe5+ Ka8 38. Qxf4 Qb5 39. Qe5 Re8
40. Qg3 Rd8 41. Nd4 Qc4 42. Qg5 Rd5 43. Qf6 Ka7 44. Qe7 1-0

[Event "Mechanics' Spring TNM; 30/90, SD/30"]
[Site "San Francisco"]
[Date "2011.04.12"]
[Round "5.23"]
[White "Nelson, Christopher"]
[Black "Clark, Thomas"]
[Result "1-0"]
[WhiteElo "1524"]
[BlackElo "1101"]
[PlyCount "51"]
[EventDate "2011.??.??"]

1. e4 e6 2. d4 d5 3. Nc3 Bb4 4. e5 c5 5. a3 Bxc3+ 6. bxc3 Qa5 7. Bd2 Qa4 8. Nf3
c4 9. Be2 Nc6 10. O-O Nge7 11. Ng5 Ng6 12. Nh3 Bd7 13. Re1 Nce7 14. Nf4 O-O-O
15. Bh5 Qa5 16. Nxg6 hxg6 17. Bg4 Rdf8 18. Bg5 Ng8 19. Qd2 Ba4 20. Rab1 Qc7 21.
Rb2 Ne7 22. Reb1 b6 23. Rb4 Bd7 24. Bxe7 f6 25. Bxf8 fxe5 26. Bxg7 1-0

[Event "Mechanics' Spring TNM; 30/90, SD/30"]
[Site "San Francisco"]
[Date "2011.04.26"]
[Round "7.19"]
[White "Nelson, Christopher"]
[Black "Frank, Robert"]
[Result "1-0"]
[WhiteElo "1524"]
[BlackElo "1295"]
[PlyCount "107"]
[EventDate "2011.??.??"]

1. e4 e5 2. Nc3 Nf6 3. f4 exf4 4. e5 Ng8 5. Nf3 d5 6. d4 Bg4 7. Bxf4 h6 8. Bd3
c5 9. h3 cxd4 10. Bb5+ Nc6 11. Qxd4 Be6 12. O-O-O a6 13. Bxc6+ bxc6 14. Qa4 Bd7
15. Bg3 c5 16. Qf4 d4 17. Ne4 g5 18. Nf6+ Nxf6 19. Qxf6 Qxf6 20. exf6 Be6 21.
Rhe1 O-O-O 22. Nd2 Bd6 23. Be5 Bxe5 24. Rxe5 Rd5 25. Rde1 Rxe5 26. Rxe5 Kd7 27.
Rxc5 Re8 28. Nf3 Kd6 29. Ra5 Ra8 30. Nxd4 Bd5 31. Nf5+ Ke6 32. Nxh6 Bxg2 33.
Rxg5 Bxh3 34. Rg3 Bf1 35. Re3+ Kxf6 36. Rf3+ Kg6 37. Rxf1 Kxh6 38. Rxf7 Kg6 39.
Rf1 a5 40. c4 a4 41. Rf3 Rc8 42. Rc3 Kf6 43. b4 Ke5 44. c5 Kd4 45. Kd2 Rb8 46.
a3 Rc8 47. Kc2 Kd5 48. Kd3 Rc6 49. Rc4 Rc7 50. Rd4+ Kc6 51. Kc4 Rd7 52. b5+ Kc7
53. Rxd7+ Kxd7 54. Kb4 1-0

[Event "Mechanics' Spring TNM; 30/90, SD/30"]
[Site "San Francisco"]
[Date "2011.05.03"]
[Round "8.16"]
[White "Nelson, Christopher"]
[Black "Newey, Richard"]
[Result "1/2-1/2"]
[WhiteElo "1524"]
[BlackElo "1735"]
[PlyCount "120"]
[EventDate "2011.??.??"]

1. d4 d5 2. Nf3 c6 3. Bf4 Nf6 4. e3 Bf5 5. Bd3 Bxd3 6. Qxd3 Qb6 7. Nbd2 e6 8.
O-O Na6 9. c3 Nh5 10. Bg3 Nxg3 11. fxg3 f6 12. a4 Qc7 13. b4 Rd8 14. e4 dxe4
15. Qxe4 Qc8 16. b5 cxb5 17. axb5 Nc7 18. c4 Qb8 19. c5 e5 20. Nxe5 Ne6 (20...
fxe5 $2 21. Qxe5+ Be7 22. Qxg7 $18) 21. Nc6 bxc6 22. Qxe6+ Be7 23. Rfe1 Qc7 24.
b6 axb6 25. cxb6 Qd7 26. Qxd7+ Rxd7 27. Ra8+ Rd8 28. b7 Kf7 29. Rea1 Rb8 30.
Ne4 Ke6 31. Kf2 Rhd8 32. Ke3 f5 33. Nc5+ Kd5 34. Nd3 $6 (34. Rxb8 Rxb8 35. Ra8
Bd6 36. Rxb8 Bxb8 37. Nd7 $18) 34... Rxb7 35. Rxd8+ Bxd8 36. Nf4+ Kd6 37. Kd3
Bf6 38. Kc4 Rb2 39. Re1 Bg5 40. Ne6 Bf6 41. Nf4 Rc2+ 42. Kd3 Ra2 43. Kc3 Bd8
44. Re6+ Kd7 45. Kc4 g5 46. Re2 Ra4+ 47. Kb3 Rxd4 48. Ne6 Rd1 49. Nf8+ Kd6 50.
Kc2 Ra1 51. Kb2 Ra7 52. Rd2+ Ke7 53. Nxh7 Ke8 54. Re2+ Re7 55. Nf6+ Kf7 56.
Rxe7+ Bxe7 57. Nd7 Ke6 58. Nb6 Bc5 59. Nc4 Bg1 60. h4 gxh4 1/2-1/2

[Event "Mechanics' Spring TNM; 30/90, SD/30"]
[Site "San Francisco"]
[Date "2011.03.29"]
[Round "3.23"]
[White "Nelson, Christopher"]
[Black "Oca, Homer"]
[Result "1-0"]
[WhiteElo "1524"]
[BlackElo "1674"]
[PlyCount "65"]
[EventDate "2011.??.??"]

1. e4 a6 2. d4 h6 3. f4 c5 4. Nf3 e6 5. Be2 cxd4 6. Qxd4 Nc6 7. Qd1 Bc5 8. a3
Nf6 9. Nc3 O-O 10. Nd2 b5 11. e5 Nh7 12. Nde4 Ba7 13. Nd6 f6 14. Bd3 Qb6 15.
Bxh7+ Kxh7 16. Qd3+ g6 17. Nce4 Bb7 18. Nxb7 Qxb7 19. Nxf6+ Rxf6 20. exf6 Nd4
21. Rf1 Qxg2 22. Bd2 d5 23. O-O-O Rc8 24. Bc3 Ne2+ 25. Kb1 Nxc3+ 26. bxc3 Rc4
27. Rde1 Rc6 28. h4 Qg4 29. Rf3 d4 30. Qe4 Rc7 31. cxd4 Qg2 32. Rc3 $1 Rxc3 33.
Qxg2 1-0

[Event "Mechanics' Spring TNM; 30/90, SD/30"]
[Site "San Francisco"]
[Date "2011.03.15"]
[Round "1.12"]
[White "Nelson, Christopher"]
[Black "Todortsev, Victor"]
[Result "0-1"]
[WhiteElo "1524"]
[BlackElo "1926"]
[Annotator "Donaldson"]
[PlyCount "100"]
[EventDate "2011.??.??"]

1. e4 c5 2. b4 cxb4 3. a3 e6 4. d4 d5 5. e5 f5 6. axb4 Bxb4+ 7. c3 Be7 8. Nf3
Nc6 9. Bd3 a6 10. O-O Rb8 11. Be3 g5 12. Nxg5 h5 13. Nh3 Kd7 14. Nd2 Qe8 15.
Nf3 Nh6 16. Qd2 Ng4 17. Bg5 b5 18. Bxe7 Nxe7 19. Nf4 Ng6 20. Nxg6 Qxg6 21. h3
Nh6 22. Nh4 Qg7 23. f4 Qg3 24. Nf3 Nf7 25. Ne1 Bb7 26. Rf3 Qg6 27. Bf1 Rbc8 28.
Nd3 {Black has been completely outplayed.} Rc6 29. Nc5+ Kc7 30. Qa2 Nd8 31.
Qa5+ Kc8 32. Qa3 Rg8 33. Nb3 Rc4 $2 34. Qb2 $6 (34. Nc5 {
was crushing and would have left Black with no reasonable defense.}) 34... Nc6
35. Bxc4 $4 {
Criminal. White plays to win material instead of checkmating Black's King.} (
35. Nc5 $1) 35... dxc4 36. d5 cxb3 (36... Nxe5 37. fxe5 cxb3 {was stronger.})
37. dxc6 Bxc6 38. Rf2 Bb7 39. Rd1 Qg3 40. Qd2 Bd5 41. Qd4 $4 (41. Qb2 Qxh3 42.
Rxd5 exd5 43. Qa3 $11) 41... Kb7 (41... Bxg2 $1) 42. Rd3 Qg7 43. Qe3 Qd7 44.
Qd2 Qc6 45. Qb2 a5 46. Qe2 a4 47. Rd4 a3 48. Rb4 Bc4 49. Qxh5 Rd8 50. Kh2 a2
0-1

[Event "Mechanics' Spring TNM; 30/90, SD/30"]
[Site "San Francisco"]
[Date "2011.04.26"]
[Round "7.15"]
[White "Newey, Richard"]
[Black "Oca, Homer"]
[Result "0-1"]
[WhiteElo "1735"]
[BlackElo "1674"]
[PlyCount "74"]
[EventDate "2011.??.??"]

1. e4 a6 2. d4 h6 3. Bc4 e6 4. Nf3 d5 5. exd5 exd5 6. Bd3 Bd6 7. Nc3 Nf6 8. O-O
O-O 9. Bd2 Be6 10. Ne2 b5 11. a4 b4 12. Nf4 Bc8 13. Ne5 c5 14. c3 c4 15. Be2 b3
16. Bf3 Bb7 17. Qc1 Qc7 18. Re1 Nbd7 19. Nxd7 Qxd7 20. Nh5 Nxh5 21. Bxh5 Qf5
22. Qd1 Bc8 23. Bf3 Be6 24. Be3 Rab8 25. Re2 g5 26. h3 Qg6 27. Rd2 f5 28. Bh5
Qg7 29. Re2 g4 30. Bg5 Bd7 31. Bxh6 Qxh6 32. hxg4 fxg4 33. Re5 Bxe5 34. dxe5
Qxh5 35. Qxd5+ Qf7 36. Qd4 Be6 37. Rd1 Rbd8 0-1

[Event "Mechanics' Spring TNM; 30/90, SD/30"]
[Site "San Francisco"]
[Date "2011.03.23"]
[Round "2.13"]
[White "Newey, Richard"]
[Black "Saldona, Jose"]
[Result "1-0"]
[WhiteElo "1735"]
[BlackElo "1016"]
[Annotator "Donaldson"]
[PlyCount "93"]
[EventDate "2011.??.??"]

1. e4 e5 2. Nf3 Nc6 3. Bc4 Bc5 4. c3 Nf6 5. d4 d5 $4 {A theoretical lemon.} 6.
exd5 e4 7. Ng1 (7. dxc6 exf3 8. dxc5) 7... Na5 8. Bb5+ c6 9. dxc6 bxc6 10. Ba4
Be7 (10... Bg4 11. f3 exf3 12. gxf3 O-O 13. dxc5 $16) 11. b4 Ng4 12. bxa5 Bd7
13. Bxc6 Bxc6 14. Qxg4 O-O 15. Bh6 Bf6 16. Ne2 Kh8 17. Be3 g6 18. Nf4 Rg8 19.
O-O g5 20. Nh5 Qd7 21. Qxd7 Bxd7 22. Nxf6 Rgd8 23. Bxg5 Rab8 24. Nd2 Bf5 25.
Nfxe4 Re8 26. Nd6 Re2 27. Nxf5 Rb5 28. Bf6+ Kg8 29. Rab1 Rxb1 30. Rxb1 h6 31.
Nf3 Re6 32. Be5 f6 33. Bf4 Re4 34. Bxh6 a6 35. Kf1 Kh7 36. h3 Kg6 37. N3h4+ Kh5
38. g4+ Rxg4 39. hxg4+ Kxg4 40. Ke2 Kh5 41. Bg7 Kg4 42. Bxf6 Kh5 43. d5 Kg4 44.
Ke3 Kh3 45. d6 Kg4 46. d7 Kh3 47. d8=Q 1-0